<?xml version='1.0' encoding='UTF-8'?>
  <record xmlns="http://www.loc.gov/MARC21/slim">
    <leader>00000cam a2200000 i 4500</leader>
    <controlfield tag="001">ocn902186046</controlfield>
    <controlfield tag="003">OCoLC</controlfield>
    <controlfield tag="005">20250724075547.3</controlfield>
    <controlfield tag="008">150127s1582    gw            000 0 ger d</controlfield>
    <datafield tag="040" ind1=" " ind2=" ">
      <subfield code="a">NLGGC</subfield>
      <subfield code="b">eng</subfield>
      <subfield code="e">rda</subfield>
      <subfield code="e">dcrmr</subfield>
      <subfield code="c">NLGGC</subfield>
      <subfield code="d">QGJ</subfield>
      <subfield code="d">OCLCL</subfield>
      <subfield code="d">OCLCQ</subfield>
      <subfield code="d">QGJ</subfield>
    </datafield>
    <datafield tag="029" ind1="0" ind2=" ">
      <subfield code="a">NLGGC</subfield>
      <subfield code="b">388603585</subfield>
    </datafield>
    <datafield tag="035" ind1=" " ind2=" ">
      <subfield code="a">(OCoLC)902186046</subfield>
    </datafield>
    <datafield tag="245" ind1="0" ind2="0">
      <subfield code="a">Warhaffte Vnd Christliche Verantwortung der Prediger zu Bremen auff die jhnen zugemessene Artickel vnd Puncten, Durch welche sie zum theil durch vnerfindtliche Auflage, Zum Theil durch mit verkehreten Mißdeutunge[n], allerhand vermeinter Jrrthümben vnd Sectereyen beschüldiget vnd bey hohes vnd nidriges standes personen, verunglimpfet worden sind. :</subfield>
      <subfield code="b">Nemlich: I. Von der Person Christi. II. Von der heyligen Tauff. III. Von dem H. Abendmahl. IIII. Von der Götlichen Wahl. V. Von den Ceremonien.</subfield>
    </datafield>
    <datafield tag="246" ind1="3" ind2=" ">
      <subfield code="a">Warhaffte und Christliche Verantwortung der Prediger zu Bremen auff die ihnen zugemessene Artickel und Puncten</subfield>
    </datafield>
    <datafield tag="250" ind1=" " ind2=" ">
      <subfield code="a">Jetzund auffs new vbersehen und zum andern mahl gedruckt.</subfield>
    </datafield>
    <datafield tag="264" ind1=" " ind2="1">
      <subfield code="a">Zu Bremen :</subfield>
      <subfield code="b">durch Dietrich Glüichstein,</subfield>
      <subfield code="c">Anno M. D. LXXXII. [1582]</subfield>
    </datafield>
    <datafield tag="300" ind1=" " ind2=" ">
      <subfield code="a">[176] pages ;</subfield>
      <subfield code="c">20 cm (4to)</subfield>
    </datafield>
    <datafield tag="336" ind1=" " ind2=" ">
      <subfield code="a">text</subfield>
      <subfield code="b">txt</subfield>
      <subfield code="2">rdacontent</subfield>
    </datafield>
    <datafield tag="337" ind1=" " ind2=" ">
      <subfield code="a">unmediated</subfield>
      <subfield code="b">n</subfield>
      <subfield code="2">rdamedia</subfield>
    </datafield>
    <datafield tag="338" ind1=" " ind2=" ">
      <subfield code="a">volume</subfield>
      <subfield code="b">nc</subfield>
      <subfield code="2">rdacarrier</subfield>
    </datafield>
    <datafield tag="340" ind1=" " ind2=" ">
      <subfield code="m">4to</subfield>
      <subfield code="2">rdabf</subfield>
    </datafield>
    <datafield tag="500" ind1=" " ind2=" ">
      <subfield code="a">Title page in red and black.</subfield>
    </datafield>
    <datafield tag="500" ind1=" " ind2=" ">
      <subfield code="a">Initials; printed, marginal notes.</subfield>
    </datafield>
    <datafield tag="500" ind1=" " ind2=" ">
      <subfield code="a">Signatures: A⁶ B-X⁴ Y²; A6v is blank.</subfield>
    </datafield>
    <datafield tag="510" ind1="4" ind2=" ">
      <subfield code="a">Verzeichnis der im deutschen Sprachbereich erschienenen Drucke des 16. Jahrhunderts (VD 16),</subfield>
      <subfield code="c">W 468</subfield>
      <subfield code="u">https://gateway-bayern.de/VD16+W+468</subfield>
    </datafield>
    <datafield tag="600" ind1="0" ind2="0">
      <subfield code="a">Jesus Christ</subfield>
      <subfield code="x">Person and offices</subfield>
      <subfield code="v">Early works to 1800.</subfield>
    </datafield>
    <datafield tag="610" ind1="1" ind2="0">
      <subfield code="a">Reformed Church</subfield>
      <subfield code="z">Germany</subfield>
      <subfield code="z">Bremen</subfield>
      <subfield code="v">Apologetic Works.</subfield>
    </datafield>
    <datafield tag="650" ind1=" " ind2="4">
      <subfield code="a">Lord's Supper</subfield>
      <subfield code="v">Early Works to 1800.</subfield>
    </datafield>
    <datafield tag="600" ind1="0" ind2="7">
      <subfield code="a">Jesus Christ</subfield>
      <subfield code="2">fast</subfield>
      <subfield code="1">https://id.oclc.org/worldcat/entity/E39PBJcWtWBVPTkM6wHtfK3mh3</subfield>
    </datafield>
    <datafield tag="650" ind1=" " ind2="7">
      <subfield code="a">Christology</subfield>
      <subfield code="2">fast</subfield>
    </datafield>
    <datafield tag="651" ind1=" " ind2="7">
      <subfield code="a">Germany</subfield>
      <subfield code="z">Bremen</subfield>
      <subfield code="2">fast</subfield>
      <subfield code="1">https://id.oclc.org/worldcat/entity/E39PBJmTvbxtq83xWp4pwrWxDq</subfield>
    </datafield>
    <datafield tag="655" ind1=" " ind2="7">
      <subfield code="a">Apologetic writings</subfield>
      <subfield code="2">fast</subfield>
    </datafield>
    <datafield tag="655" ind1=" " ind2="7">
      <subfield code="a">Early works</subfield>
      <subfield code="2">fast</subfield>
    </datafield>
    <datafield tag="700" ind1="1" ind2=" ">
      <subfield code="a">Gluichstein, Dietrich,</subfield>
      <subfield code="d">active 1580-1585,</subfield>
      <subfield code="e">printer.</subfield>
      <subfield code="4">prt</subfield>
      <subfield code="1">https://id.oclc.org/worldcat/entity/E39PCjxjc93XdPDqyhqGCfqGBK</subfield>
    </datafield>
    <datafield tag="752" ind1=" " ind2=" ">
      <subfield code="a">Germany</subfield>
      <subfield code="d">Bremen,</subfield>
      <subfield code="e">publication place.</subfield>
      <subfield code="4">pup</subfield>
    </datafield>
    <datafield tag="758" ind1=" " ind2=" ">
      <subfield code="i">has work:</subfield>
      <subfield code="a">Warhaffte und christliche Verantwortung der Prediger zu Bremen, auff die ihnen zugemessene Artickel und Puncten, durch welche sie zum Theil mit unerfindtlichen Aufflagen, zum Theil mit verkehreten Missdeutungen, allerhand vermeinter Irrthümben und Sectereyen, beschüldiget und ... verunglimpfet worden sind (Text)</subfield>
      <subfield code="1">https://id.oclc.org/worldcat/entity/E39PCY8DhjVxfpD47kw9x8g8j3</subfield>
      <subfield code="4">https://id.oclc.org/worldcat/ontology/hasWork</subfield>
    </datafield>
    <datafield tag="776" ind1="0" ind2=" ">
      <subfield code="t">Warhaffte und christliche Verantwortung der Prediger zu Bremen, auff die ihnen zugemessene Artickel und Puncten, durch welche sie zum Theil mit unerfindtlichen Aufflagen, zum Theil mit verkehreten Missdeutungen, allerhand vermeinter Irrthümben und Sectereyen, beschüldiget und ... verunglimpfet worden sind</subfield>
      <subfield code="w">(NL-LeOCL)426223845</subfield>
    </datafield>
    <datafield tag="936" ind1=" " ind2=" ">
      <subfield code="a">BATCHLOAD</subfield>
    </datafield>
  </record>